01851nam a2200157 a 45000080041000000200015000410410008000561000025000642450065000892500011001542600056001653000011002215000121002325051325003536550015016780311 t2004||||ag a g |||| 001 0|spa d a9509807877 aspa1 aGutiérrez, Ramón aMonumentos nacionales de la Argentina /cRamón Gutiérrez a1a ed. aBuenos Aires: bFondo Nacional de las Artes;c2004. a244 p. aGutiérrez, R. (2004). Monumentos nacionales de la Argentina. (1a ed.). Buenos Aires : Fondo Nacional de las Artes. aEl Fondo Nacional de las Artes, consciente de la necesidad de preservar las distintas áreas del patrimonio artístico nacional, lleva adelante, desde 1997, un programa de apoyo financiero y tecnológico para el relevamiento, inventario y catalogación de bienes culturales, con la finalidad de completar la exigua información existente. Esta actividad significo el primer paso para delinear una posterior política de salvaguarda de los bienes artísticos que, por su excepcional valor, debían ser cuidadosamente conservados y se concreto con la realización de un sistema de fichado, instalación en internet y edición de diversas publicaciones bibliográficas que rescatan, valorizan y difunden las obras de nuestro patrimonio cultural. De este modo, la publicación del presente inventario de "Monumentos Nacionales de la Argentina", constituye la cristalización de un proyecto realizado juntamente con el Centro de Documentación de Arquitectura Latinoamericana -CEDODAL- y la Comisión Nacional de Museos, Monumentos y Lugares Históricos. Su objetivo fue realizar un relevamiento "in situ" que permitiera recopilar y clasificar información para la preparación de una base de datos ordenada y precisa de los monumentos nacionales que integran el patrimonio de la República Argentina.  aLiteratura